000
00248nam a2200109Ia 4500
008
190912s9999||||xx |||||||||||||| ||und||
100
_a
Naadeem Assrar
245
0
_a
Maeeshat
260
_a
Karachi
_b
Naqi Printer
_c
2013
300
_a
391
942
_c
BK
999
_c
7886
_d
7886